Chicken soup for the father's soul : Stories to open the hearts and pekindle the spirits of fathers

Bibliographic Details
Main Author: Canfield, Jack
Other Authors: Aubery, Jeff, Donnely, Chrissy, Donnetly, Mark, Hansen, Mark Victor
Format: Book
Published: Florida : Health Comminication , 2001
Subjects:

MARC

LEADER 00000cam a2200000 7i4500
001 0000013630
005 20050513.0
020 |a 1558748946 
040 |a INS 
090 0 0 |a PN6071.F3   |b C48 2001 
100 1 |a Canfield, Jack 
245 1 0 |a Chicken soup for the father's soul :   |b Stories to open the hearts and pekindle the spirits of fathers   |c Jack Canfield 
260 |a Florida :   |b Health Comminication ,   |c 2001 
300 |a x :   |b 365p ;   |c 22cm. 
650 0 0 |a Father Hard-Litetary Collections 
650 0 0 |a Fathers-Litetary Collections 
700 1 |a Aubery, Jeff 
700 1 |a Donnely, Chrissy 
700 1 |a Donnetly, Mark 
700 1 |a Hansen, Mark Victor 
999 |a 0000012566   |b BOOK   |c Open Shelf   |e Default branch 
999 |a 0000018140   |b BOOK   |c Annual Reports   |e Default branch